000 00863nam a2200289 a 4500
001 406
003 BR-CuiBMT
005 20231106221639.0
008 231101s2016 baba 000 0 por d
020 _a9788544206935
040 _aBR-CuiBMT
_cBR-CuiBMT
080 _a35.07
_22007
090 _a35.07
_bS287m
_c4. ed.
100 1 _aScatolino, Gustavo
245 1 0 _aManual de direito administrativo /
_cGustavo Scatolino, João Trindade.
250 _a4. ed., rev., ampl. e atual.
260 _aSalvador :
_bJuspodivm,
_c2016.
300 _a1039 p. :
_bil. ;
_c25 cm
500 _aVolume único.
500 _aConforme novo CPC.
504 _aInclui bibliografia.
650 _aDireito administrativo
_vManual
_zBrasil
650 _aAdministração pública
_zBrasil
650 _aServiços públicos
_zBrasil
700 1 _aTrindade, João
942 _2udc
_cLV
999 _c406
_d406